000 01022nam a2200253 4500
005 20251128111156.0
010 _aB-763986-993 ENG-147202 BACEN25
020 _c995.00
_a9789391597504
035 _aB-763986-993
035 _aEN-130734
037 _bMisha Books
037 _bDBAD
_aDPL
082 D _a338.04
100 _aRajan Singh
_985785
245 _aEntrepreneurship:
_bYour Guide to Business Innovation/
_cBy Rajan Singh; Aarushi Singh [and] Sanjay Kumar
250 _a1
260 _bMisha Books
_aNew Delhi
_c2025
270 _a2356, 2nd Floor, Hudson Line, Guru Tegbahdur Nagar,
_bNew Delhi
_e110009
_mmishabooks2018@gmail.com
_k9654444181
300 _a174p.
_c24cm(hb)
700 _aAarushi Singh
_eAuthor
_977864
700 _aSanjay Kumar
_eAuthor
_977865
942 _2ddc
_cEN
_h338.04
_mRAJ
999 _c209259
_d209259